| 000 | 00816nam a2200229 a 4500 | ||
|---|---|---|---|
| 001 | 000023786 | ||
| 005 | 20250711124154.0 | ||
| 008 | 110113s1973 mx 001 0 spa d | ||
| 040 |
_aDO-SdBNP _bspa _cBNPHU |
||
| 082 |
_a371.207 _bK21p |
||
| 100 | 1 |
_aRankin, Hugh F. _948954 |
|
| 245 | 1 | 0 |
_aPlanificación de sistemas educativos : _bideas básicas concretas / _cRoger A. Kaufman ; traducción Austín Contin. |
| 260 |
_aMéxico, D. F. : _bCentro Regional de Ayuda Técnica ; _bTrillas, _c1973. |
||
| 300 |
_a189 p. ; _c22 cm. |
||
| 504 | _aBibliografía : 175-186 p. | ||
| 505 | _aIncluye índice alfabético. | ||
| 650 | 0 |
_aPlanificación educativa _917484 |
|
| 650 | 4 |
_aSistemas de enseñanza _948959 |
|
| 650 | 4 |
_aAdministración educativa _948960 |
|
| 700 | 1 |
_aContin, Agustín, _etr. _945783 |
|
| 049 | _aBNGR | ||
| 999 |
_c23282 _d23282 |
||